<?xml version="1.0" encoding="UTF-8"?>
<marc:record xmlns:marc="http://www.loc.gov/MARC21/slim">
   <marc:leader>00000nam a2200000 a 4500</marc:leader>
   <marc:datafield ind1=" " ind2=" " tag="653">
      <marc:subfield code="a">CD-ROM</marc:subfield>
   </marc:datafield>
   <marc:datafield ind1="0" ind2="0" tag="245">
      <marc:subfield code="a">Versteckt - entdeckt! Der Konzentrationstrainer</marc:subfield>
   </marc:datafield>
   <marc:datafield ind1="0" ind2="0" tag="245">
      <marc:subfield code="c">Red.: Corinna Hartung</marc:subfield>
   </marc:datafield>
   <marc:datafield ind1=" " ind2="1" tag="264">
      <marc:subfield code="a">München</marc:subfield>
      <marc:subfield code="b">Terzio</marc:subfield>
      <marc:subfield code="c">2007</marc:subfield>
   </marc:datafield>
   <marc:datafield ind1="1" ind2=" " tag="520">
      <marc:subfield code="a">Angaben aus der Verlagsmeldung

Versteckt - Entdeckt! Der Konzentrationstrainer : Das Geisterhaus

Spaß am Suchen, Kombinieren und Entdecken? Dann sind die Versteckt - Entdeckt - Konzentrationstrainer genau das Richtige: Die bewährte Grundidee der "Ich sehe was, was du nicht siehst..."-Rätselreime verbindet auf fesselnde Weise Spielen, Lernen und vor allem Konzentrationstraining. Dass damit sogar dem "kleinen Zappelphilipp" geholfen werden kann, berichten Erzieher und Therapeuten aus der Praxis. In der liebevoll gestalteten Spielwelt "Geisterhaus" werden spielerisch und effektiv Konzentration und logisches Denken trainiert, die Wahrnehmung wird geschult und der Wortschatz erweitert.
</marc:subfield>
   </marc:datafield>
   <marc:datafield ind1=" " ind2=" " tag="020">
      <marc:subfield code="a">9783898353861</marc:subfield>
      <marc:subfield code="9">9783898353861</marc:subfield>
   </marc:datafield>
   <marc:datafield ind1=" " ind2=" " tag="020">
      <marc:subfield code="a">3898353869</marc:subfield>
      <marc:subfield code="9">3898353869</marc:subfield>
   </marc:datafield>
   <marc:datafield ind1=" " ind2=" " tag="041">
      <marc:subfield code="a">ger</marc:subfield>
   </marc:datafield>
   <marc:datafield ind1=" " ind2=" " tag="300">
      <marc:subfield code="a">1 CD-ROM</marc:subfield>
   </marc:datafield>
</marc:record>
